| 000 | 01023nam a2200289 i 4500 | ||
|---|---|---|---|
| 003 | DO-SdBNP | ||
| 005 | 20240823104353.0 | ||
| 007 | ta | ||
| 008 | 240628b2023 dr ||||| |||| 00| 0 spa d | ||
| 020 | _a9789945940787 | ||
| 040 |
_aDO-SdBNP _bspa _cBNPHU _erda |
||
| 082 | 4 |
_aRD863.44 _bV635t _222 |
|
| 100 | 1 |
_aVicioso, Carlos, _eautor _985883 _d1965- |
|
| 245 | 1 | 0 |
_aLa tía Ágata / _cCarlos Vicioso ; edición y corrección, Rafael J. Rodríguez Pérez. |
| 264 | 1 |
_aSanto Domingo : _bRío de Oro Editores, _c2023. |
|
| 300 |
_a272 páginas ; _c22 cm. |
||
| 336 |
_2rdacontent _atexto _btxt |
||
| 337 |
_2rdamedia _asin mediación _bn |
||
| 338 |
_2rdacarrier _avolumen _bnc |
||
| 500 | _aIncluye datos biográficos del autor en la solapa de la cubierta | ||
| 590 | _aInventariado, 2024/BT | ||
| 650 | 4 |
_aNovela dominicana _9223 |
|
| 650 | 4 | _aLiteratura dominicana | |
| 700 | 1 |
_aRodríguez Pérez, Rafael J., _eedición y corrección _943373 |
|
| 910 | _abtavárez /Validado. Control de calidad MFF | ||
| 942 |
_2ddc _cLBS1 |
||
| 999 |
_c57072 _d57072 |
||